Every Chelsea Player Since 2000 - Statistics

General Stats
  • This quiz has been taken 352 times
    340 since last reset
  • The average score is 419 of 651
Answer Stats
% Correct
2014/15 ST Ivory Coast Didier Drogba 40 7
96%
2011/12 ST Ivory Coast Didier Drogba 35 13
96%
2010/11 ST Ivory Coast Didier Drogba 46 13
96%
2009/10 ST Ivory Coast Didier Drogba 44 37
96%
2008/09 ST Ivory Coast Didier Drogba 42 14
96%
2007/08 ST Ivory Coast Didier Drogba 32 15
96%
2006/07 ST Ivory Coast Didier Drogba 60 33
96%
2005/06 ST Ivory Coast Didier Drogba 41 16
96%
2004/05 ST Ivory Coast Didier Drogba 41 16
96%
2018/19 LW Belgium Eden Hazard 52 21
96%
2017/18 LW Belgium Eden Hazard 51 17
96%
2016/17 LW Belgium Eden Hazard 43 17
96%
2015/16 LW Belgium Eden Hazard 43 6
96%
2014/15 LW Belgium Eden Hazard 52 19
96%
2013/14 LW Belgium Eden Hazard 49 17
96%
2012/13 LW Belgium Eden Hazard 62 13
96%
2013/14 CM England Frank Lampard 40 8
96%
2012/13 CM England Frank Lampard 50 17
96%
2011/12 CM England Frank Lampard 49 16
96%
2010/11 CM England Frank Lampard 32 13
96%
2009/10 CM England Frank Lampard 51 27
96%
2008/09 CM England Frank Lampard 57 20
96%
2007/08 CM England Frank Lampard 40 20
96%
2006/07 CM England Frank Lampard 62 21
96%
2005/06 CM England Frank Lampard 50 20
96%
2004/05 CM England Frank Lampard 58 19
96%
2003/04 CM England Frank Lampard 58 15
96%
2002/03 CM England Frank Lampard 48 8
96%
2001/02 CM England Frank Lampard 53 7
96%
2016/17 CB England John Terry 14 1
96%
2015/16 CB England John Terry 33 1
96%
2014/15 CB England John Terry 49 8
96%
2013/14 CB England John Terry 47 2
96%
2012/13 CB England John Terry 27 6
96%
2011/12 CB England John Terry 44 7
96%
2010/11 CB England John Terry 46 4
96%
2009/10 CB England John Terry 52 3
96%
2008/09 CB England John Terry 51 3
96%
2007/08 CB England John Terry 37 1
96%
2006/07 CB England John Terry 45 1
96%
2005/06 CB England John Terry 50 7
96%
2004/05 CB England John Terry 53 8
96%
2003/04 CB England John Terry 51 3
96%
2002/03 CB England John Terry 29 6
96%
2001/02 CB England John Terry 47 4
96%
2000/01 CB England John Terry 26 1
96%
2022/23 CM Croatia Mateo Kovacic 37 2
96%
2021/22 CM Croatia Mateo Kovacic 44 2
96%
2020/21 CM Croatia Mateo Kovacic 42
96%
2019/20 CM Croatia Mateo Kovacic 47 2
96%
2018/19 CM Croatia Mateo Kovacic 51
96%
2014/15 GK Czech Republic Petr Cech 16
96%
2013/14 GK Czech Republic Petr Cech 46
96%
2012/13 GK Czech Republic Petr Cech 63
96%
2011/12 GK Czech Republic Petr Cech 56
96%
2010/11 GK Czech Republic Petr Cech 50
96%
2009/10 GK Czech Republic Petr Cech 43
96%
2008/09 GK Czech Republic Petr Cech 54
96%
2007/08 GK Czech Republic Petr Cech 40
96%
2006/07 GK Czech Republic Petr Cech 36
96%
2005/06 GK Czech Republic Petr Cech 42
96%
2004/05 GK Czech Republic Petr Cech 48
96%
2022/23 AM Germany Kai Havertz 47 9
95%
2021/22 AM Germany Kai Havertz 47 14
95%
2020/21 AM Germany Kai Havertz 45 9
95%
2022/23 DM France N'Golo Kante 9
95%
2021/22 DM France N'Golo Kante 42 2
95%
2020/21 DM France N'Golo Kante 49
95%
2019/20 DM France N'Golo Kante 28 3
95%
2018/19 DM France N'Golo Kante 53 5
95%
2017/18 DM France N'Golo Kante 48 1
95%
2016/17 DM France N'Golo Kante 41 2
95%
2022/23 RB Spain Cesar Azpilicueta 32
94%
2021/22 RB Spain Cesar Azpilicueta 47 3
94%
2020/21 RB Spain Cesar Azpilicueta 43 1
94%
2019/20 RB Spain Cesar Azpilicueta 49 4
94%
2018/19 RB Spain Cesar Azpilicueta 57 1
94%
2017/18 RB Spain Cesar Azpilicueta 52 3
94%
2016/17 RB Spain Cesar Azpilicueta 47 2
94%
2015/16 RB Spain Cesar Azpilicueta 49 2
94%
2014/15 RB Spain Cesar Azpilicueta 40
94%
2013/14 RB Spain Cesar Azpilicueta 44 1
94%
2012/13 RB Spain Cesar Azpilicueta 48
94%
2022/23 RW United States Christian Pulisic 30 1
94%
2021/22 RW United States Christian Pulisic 38 8
94%
2020/21 RW United States Christian Pulisic 43 6
94%
2019/20 RW United States Christian Pulisic 34 11
94%
2013/14 ST Senegal Demba Ba 29 8
94%
2012/13 ST Senegal Demba Ba 22 6
94%
2022/23 DM Italy Jorginho 25 3
94%
2021/22 DM Italy Jorginho 47 9
94%
2020/21 DM Italy Jorginho 43 8
94%
2019/20 DM Italy Jorginho 44 7
94%
2018/19 DM Italy Jorginho 54 2
94%
2022/23 GK Spain Kepa Arrizabalaga 39
94%
2021/22 GK Spain Kepa Arrizabalaga 15
94%
2020/21 GK Spain Kepa Arrizabalaga 14
94%
2019/20 GK Spain Kepa Arrizabalaga 41
94%
2018/19 GK Spain Kepa Arrizabalaga 54
94%
2022/23 GK Senegal Edouard Mendy 12
93%
2021/22 GK Senegal Edouard Mendy 49
93%
2020/21 GK Senegal Edouard Mendy 45
93%
2022/23 AM England Mason Mount 35 3
93%
2021/22 AM England Mason Mount 53 13
93%
2020/21 AM England Mason Mount 54 9
93%
2019/20 AM England Mason Mount 53 8
93%
2021/22 ST Belgium Romelu Lukaku 44 15
93%
2013/14 ST Belgium Romelu Lukaku 3
93%
2011/12 ST Belgium Romelu Lukaku 12
93%
2022/23 CB Brazil Thiago Silva 35
93%
2021/22 CB Brazil Thiago Silva 48 3
93%
2020/21 CB Brazil Thiago Silva 35 2
93%
2021/22 CB Germany Antonio Rudiger 53 5
92%
2020/21 CB Germany Antonio Rudiger 35 1
92%
2019/20 CB Germany Antonio Rudiger 26 2
92%
2018/19 CB Germany Antonio Rudiger 44 1
92%
2017/18 CB Germany Antonio Rudiger 45 3
92%
2013/14 LB England Ashley Cole 26
92%
2012/13 LB England Ashley Cole 51 1
92%
2011/12 LB England Ashley Cole 48
92%
2010/11 LB England Ashley Cole 48
92%
2009/10 LB England Ashley Cole 35 4
92%
2008/09 LB England Ashley Cole 49 1
92%
2007/08 LB England Ashley Cole 41 1
92%
2006/07 LB England Ashley Cole 40
92%
2005/06 ST England Carlton Cole 12 1
92%
2003/04 ST England Carlton Cole 1
92%
2002/03 ST England Carlton Cole 16 6
92%
2001/02 ST England Carlton Cole 3 1
92%
2009/10 AM England Joe Cole 39 2
92%
2008/09 AM England Joe Cole 20 3
92%
2007/08 AM England Joe Cole 55 10
92%
2006/07 AM England Joe Cole 24 2
92%
2005/06 AM England Joe Cole 48 10
92%
2004/05 AM England Joe Cole 46 9
92%
2003/04 AM England Joe Cole 49 3
92%
2021/22 ST Germany Timo Werner 37 11
92%
2020/21 ST Germany Timo Werner 52 12
92%
2019/20 LW Brazil Willian 47 11
92%
2018/19 LW Brazil Willian 56 8
92%
2017/18 LW Brazil Willian 55 13
92%
2016/17 LW Brazil Willian 41 12
92%
2015/16 LW Brazil Willian 49 11
92%
2014/15 LW Brazil Willian 49 4
92%
2013/14 LW Brazil Willian 42 4
92%
2016/17 RB Serbia Branislav Ivanovic 16 1
91%
2015/16 RB Serbia Branislav Ivanovic 43 2
91%
2014/15 RB Serbia Branislav Ivanovic 49 6
91%
2013/14 RB Serbia Branislav Ivanovic 50 3
91%
2012/13 RB Serbia Branislav Ivanovic 59 8
91%
2011/12 RB Serbia Branislav Ivanovic 45 5
91%
2010/11 RB Serbia Branislav Ivanovic 48 6
91%
2009/10 RB Serbia Branislav Ivanovic 41 1
91%
2008/09 RB Serbia Branislav Ivanovic 26 2
91%
2013/14 ST Spain Fernando Torres 41 11
90%
2012/13 ST Spain Fernando Torres 64 22
90%
2011/12 ST Spain Fernando Torres 49 11
90%
2010/11 ST Spain Fernando Torres 18 1
90%
2018/19 CB England Gary Cahill 8
90%
2017/18 CB England Gary Cahill 43
90%
2016/17 CB England Gary Cahill 43 8
90%
2015/16 CB England Gary Cahill 37 4
90%
2014/15 CB England Gary Cahill 48 3
90%
2013/14 CB England Gary Cahill 47 2
90%
2012/13 CB England Gary Cahill 45 6
90%
2011/12 CB England Gary Cahill 19 2
90%
2022/23 RW Morocco Hakim Ziyech 24
90%
2021/22 RW Morocco Hakim Ziyech 44 8
90%
2020/21 RW Morocco Hakim Ziyech 39 6
90%
2021/22 LB Spain Marcos Alonso 46 5
90%
2020/21 LB Spain Marcos Alonso 17 2
90%
2019/20 LB Spain Marcos Alonso 29 4
90%
2018/19 LB Spain Marcos Alonso 39 4
90%
2017/18 LB Spain Marcos Alonso 46 8
90%
2016/17 LB Spain Marcos Alonso 35 6
90%
2017/18 GK Belgium Thibaut Courtois 46
90%
2016/17 GK Belgium Thibaut Courtois 39
90%
2015/16 GK Belgium Thibaut Courtois 30
90%
2014/15 GK Belgium Thibaut Courtois 39
90%
2016/17 ST Spain Diego Costa 42 22
89%
2015/16 ST Spain Diego Costa 41 16
89%
2014/15 ST Spain Diego Costa 37 21
89%
2016/17 AM Brazil Oscar 11
89%
2015/16 AM Brazil Oscar 40 8
89%
2014/15 AM Brazil Oscar 41 7
89%
2013/14 AM Brazil Oscar 47 11
89%
2012/13 AM Brazil Oscar 64 12
89%
2022/23 ST Gabon Pierre-Emerick Aubameyang 21 3
89%
2022/23 RB England Reece James 24 2
89%
2021/22 RB England Reece James 40 6
89%
2020/21 RB England Reece James 47 1
89%
2019/20 RB England Reece James 37 2
89%
2018/19 CB Brazil David Luiz 50 3
88%
2017/18 CB Brazil David Luiz 17 2
88%
2016/17 CB Brazil David Luiz 38 1
88%
2013/14 CB Brazil David Luiz 34
88%
2012/13 CB Brazil David Luiz 57 7
88%
2011/12 CB Brazil David Luiz 40 3
88%
2010/11 CB Brazil David Luiz 12 2
88%
2021/22 CB Denmark Andreas Christensen 34 2
87%
2020/21 CB Denmark Andreas Christensen 27
87%
2019/20 CB Denmark Andreas Christensen 28
87%
2018/19 CB Denmark Andreas Christensen 29
87%
2017/18 CB Denmark Andreas Christensen 40
87%
2014/15 CB Denmark Andreas Christensen 3
87%
2022/23 LB England Ben Chilwell 30 2
87%
2021/22 LB England Ben Chilwell 13 3
87%
2020/21 LB England Ben Chilwell 42 4
87%
2019/20 RW Spain Pedro Rodriguez 23 2
87%
2018/19 RW Spain Pedro Rodriguez 52 13
87%
2017/18 RW Spain Pedro Rodriguez 48 7
87%
2016/17 RW Spain Pedro Rodriguez 43 13
87%
2015/16 RW Spain Pedro Rodriguez 40 8
87%
2018/19 CM Spain Cesc Fabregas 16 1
86%
2017/18 CM Spain Cesc Fabregas 49 3
86%
2016/17 CM Spain Cesc Fabregas 37 7
86%
2015/16 CM Spain Cesc Fabregas 49 6
86%
2014/15 CM Spain Cesc Fabregas 47 5
86%
2017/18 RB England Dujon Sterling 2
86%
2013/14 AM Spain Juan Mata 17 1
86%
2012/13 AM Spain Juan Mata 63 20
86%
2011/12 AM Spain Juan Mata 54 12
86%
2013/14 DM Ghana Michael Essien 9
86%
2011/12 DM Ghana Michael Essien 19
86%
2010/11 DM Ghana Michael Essien 44 4
86%
2009/10 DM Ghana Michael Essien 22 4
86%
2008/09 DM Ghana Michael Essien 19 3
86%
2007/08 DM Ghana Michael Essien 46 6
86%
2006/07 DM Ghana Michael Essien 55 6
86%
2005/06 DM Ghana Michael Essien 42 2
86%
2014/15 RW Egypt Mohamed Salah 8
86%
2013/14 RW Egypt Mohamed Salah 11 2
86%
2016/17 DM Serbia Nemanja Matic 40 2
86%
2015/16 DM Serbia Nemanja Matic 43 2
86%
2014/15 DM Serbia Nemanja Matic 49 3
86%
2013/14 DM Serbia Nemanja Matic 19
86%
2009/10 DM Serbia Nemanja Matic 3
86%
2022/23 LW England Raheem Sterling 38 9
86%
2018/19 ST Spain Alvaro Morata 24 9
85%
2017/18 ST Spain Alvaro Morata 48 15
85%
2015/16 DM Nigeria John Obi Mikel 33 1
84%
2014/15 DM Nigeria John Obi Mikel 25 1
84%
2013/14 DM Nigeria John Obi Mikel 36 2
84%
2012/13 DM Nigeria John Obi Mikel 38
84%
2011/12 DM Nigeria John Obi Mikel 37
84%
2010/11 DM Nigeria John Obi Mikel 37
84%
2009/10 DM Nigeria John Obi Mikel 35
84%
2008/09 DM Nigeria John Obi Mikel 49
84%
2007/08 DM Nigeria John Obi Mikel 39
84%
2006/07 DM Nigeria John Obi Mikel 42 2
84%
2009/10 CM Germany Michael Ballack 45 5
84%
2008/09 CM Germany Michael Ballack 46 4
84%
2007/08 CM Germany Michael Ballack 30 9
84%
2006/07 CM Germany Michael Ballack 46 7
84%
2020/21 ST France Olivier Giroud 31 11
84%
2019/20 ST France Olivier Giroud 25 10
84%
2018/19 ST France Olivier Giroud 45 13
84%
2017/18 ST France Olivier Giroud 18 5
84%
2013/14 AM Belgium Kevin De Bruyne 9
83%
2011/12 ST France Nicolas Anelka 15 1
83%
2010/11 ST France Nicolas Anelka 46 16
83%
2009/10 ST France Nicolas Anelka 45 15
83%
2008/09 ST France Nicolas Anelka 54 25
83%
2007/08 ST France Nicolas Anelka 24 2
83%
2015/16 CM Brazil Ramires 21 3
83%
2014/15 CM Brazil Ramires 34 4
83%
2013/14 CM Brazil Ramires 46 4
83%
2012/13 CM Brazil Ramires 62 9
83%
2011/12 CM Brazil Ramires 47 12
83%
2010/11 CM Brazil Ramires 41 2
83%
2009/10 CB Portugal Ricardo Carvalho 29 1
83%
2008/09 CB Portugal Ricardo Carvalho 18 1
83%
2007/08 CB Portugal Ricardo Carvalho 38 1
83%
2006/07 CB Portugal Ricardo Carvalho 51 4
83%
2005/06 CB Portugal Ricardo Carvalho 35 3
83%
2004/05 CB Portugal Ricardo Carvalho 39 1
83%
2013/14 ST Cameroon Samuel Eto'o 35 12
82%
2022/23 DM Argentina Enzo Fernandez 22
81%
2018/19 RM Nigeria Victor Moses 6
81%
2017/18 RM Nigeria Victor Moses 38 4
81%
2016/17 RM Nigeria Victor Moses 40 4
81%
2015/16 RM Nigeria Victor Moses 1
81%
2012/13 RM Nigeria Victor Moses 43 10
81%
2009/10 ST Ukraine Andriy Shevchenko 1
80%
2007/08 ST Ukraine Andriy Shevchenko 25 8
80%
2006/07 ST Ukraine Andriy Shevchenko 51 14
80%
2022/23 CB Senegal Kalidou Koulibaly 32 2
80%
2022/23 LW Ukraine Mykhaylo Mudryk 17
80%
2022/23 LB Spain Marc Cucurella 33
79%
2011/12 LW France Florent Malouda 43 3
78%
2010/11 LW France Florent Malouda 50 14
78%
2009/10 LW France Florent Malouda 51 15
78%
2008/09 LW France Florent Malouda 47 9
78%
2007/08 LW France Florent Malouda 38 4
78%
2011/12 LW Ivory Coast Salomon Kalou 26 5
77%
2010/11 LW Ivory Coast Salomon Kalou 42 13
77%
2009/10 LW Ivory Coast Salomon Kalou 37 12
77%
2008/09 LW Ivory Coast Salomon Kalou 43 10
77%
2007/08 LW Ivory Coast Salomon Kalou 48 11
77%
2006/07 LW Ivory Coast Salomon Kalou 58 9
77%
2020/21 GK Argentina Willy Caballero 2
76%
2019/20 GK Argentina Willy Caballero 14
76%
2018/19 GK Argentina Willy Caballero 9
76%
2017/18 GK Argentina Willy Caballero 13
76%
2020/21 ST England Tammy Abraham 32 12
75%
2019/20 ST England Tammy Abraham 47 18
75%
2018/19 ST England Tammy Abraham 1
75%
2015/16 ST England Tammy Abraham 2
75%
2006/07 RW Netherlands Arjen Robben 37 3
74%
2005/06 RW Netherlands Arjen Robben 40 7
74%
2004/05 RW Netherlands Arjen Robben 29 9
74%
2007/08 DM France Claude Makelele 34
74%
2006/07 DM France Claude Makelele 46 1
74%
2005/06 DM France Claude Makelele 41
74%
2004/05 DM France Claude Makelele 50 1
74%
2003/04 DM France Claude Makelele 46
74%
2022/23 CM England Conor Gallagher 45 3
74%
2014/15 LW Germany Andre Schurrle 22 5
73%
2013/14 LW Germany Andre Schurrle 43 9
73%
2022/23 ST Ivory Coast David Datro Fofana 4
73%
2019/20 ST Belgium Michy Batshuayi 24 6
73%
2017/18 ST Belgium Michy Batshuayi 25 10
73%
2016/17 ST Netherlands Michy Batshuayi 28 9
73%
2015/16 ST Colombia Radamel Falcao 12 1
73%
2022/23 CB France Wesley Fofana 20 2
73%
2021/22 LB Italy Emerson Palmieri 1
72%
2020/21 LB Italy Emerson Palmieri 15 1
72%
2019/20 LB Italy Emerson Palmieri 21
72%
2018/19 LB Italy Emerson Palmieri 27 1
72%
2017/18 LB Brazil Emerson Palmieri 7
72%
2018/19 ST Argentina Gonzalo Higuain 18 5
72%
2022/23 SS Portugal Joao Felix 20 4
71%
2011/12 RB Portugal Jose Bosingwa 43 1
71%
2010/11 RB Portugal Jose Bosingwa 26
71%
2009/10 RB Portugal Jose Bosingwa 9
71%
2008/09 RB Portugal Jose Bosingwa 48 2
71%
2021/22 CB France Kurt Zouma 1
70%
2020/21 CB France Kurt Zouma 36 5
70%
2019/20 CB France Kurt Zouma 43 1
70%
2016/17 CB France Kurt Zouma 13
70%
2015/16 CB France Kurt Zouma 32 2
70%
2014/15 CB France Kurt Zouma 26 2
70%
2022/23 CM England Ruben Loftus-Cheek 33
70%
2021/22 CM England Ruben Loftus-Cheek 41 1
70%
2020/21 CM England Ruben Loftus-Cheek 1
70%
2019/20 CM England Ruben Loftus-Cheek 9
70%
2018/19 CM England Ruben Loftus-Cheek 40 10
70%
2016/17 CM England Ruben Loftus-Cheek 11
70%
2015/16 CM England Ruben Loftus-Cheek 17 2
70%
2014/15 CM England Ruben Loftus-Cheek 4
70%
2009/10 AM Portugal Deco 28 3
69%
2008/09 AM Portugal Deco 30 3
69%
2022/23 ST Albania Armando Broja 18 1
68%
2019/20 ST Albania Armando Broja 1
68%
2005/06 ST Argentina Hernan Crespo 42 13
68%
2003/04 ST Argentina Hernan Crespo 31 12
68%
2016/17 GK Bosnia Asmir Begovic 8
67%
2015/16 GK Bosnia Asmir Begovic 25
67%
2002/03 SS Italy Gianfranco Zola 46 16
66%
2001/02 SS Italy Gianfranco Zola 50 5
66%
2000/01 SS Italy Gianfranco Zola 43 12
66%
2012/13 RB Portugal Paulo Ferreira 7
65%
2011/12 RB Portugal Paulo Ferreira 9
65%
2010/11 RB Portugal Paulo Ferreira 29
65%
2009/10 RB Portugal Paulo Ferreira 20 1
65%
2008/09 RB Portugal Paulo Ferreira 12
65%
2007/08 RB Portugal Paulo Ferreira 28
65%
2006/07 RB Portugal Paulo Ferreira 38
65%
2005/06 RB Portugal Paulo Ferreira 32 1
65%
2004/05 RB Portugal Paulo Ferreira 42
65%
2005/06 CB France William Gallas 45 5
64%
2004/05 CB France William Gallas 46 2
64%
2003/04 CB France William Gallas 45 1
64%
2002/03 CB France William Gallas 48 4
64%
2001/02 CB France William Gallas 41 2
64%
2011/12 CB Brazil Alex 9
63%
2010/11 CB Brazil Alex 20 2
63%
2009/10 CB Brazil Alex 25 1
63%
2008/09 CB Brazil Alex 41 4
63%
2007/08 CB Brazil Alex 39 3
63%
2018/19 RB Italy Davide Zappacosta 17
63%
2017/18 RB Italy Davide Zappacosta 35 2
63%
2005/06 ST Iceland Eidur Gudjohnsen 36 3
63%
2004/05 ST Iceland Eidur Gudjohnsen 58 16
63%
2003/04 ST Iceland Eidur Gudjohnsen 41 13
63%
2002/03 ST Iceland Eidur Gudjohnsen 44 10
63%
2001/02 ST Iceland Eidur Gudjohnsen 47 23
63%
2000/01 ST Iceland Eidur Gudjohnsen 36 13
63%
2015/16 RM Colombia Juan Cuadrado 1
63%
2014/15 RM Colombia Juan Cuadrado 14
63%
2012/13 RW Israel Yossi Benayoun 13
63%
2011/12 RW Israel Yossi Benayoun 1
63%
2010/11 RW Israel Yossi Benayoun 10 1
63%
2012/13 ST England Daniel Sturridge 12 2
62%
2011/12 ST England Daniel Sturridge 43 13
62%
2010/11 ST England Daniel Sturridge 21 4
62%
2009/10 ST England Daniel Sturridge 20 5
62%
2012/13 CM Portugal Raul Meireles 3
62%
2011/12 CM Portugal Raul Meireles 45 6
62%
2021/22 LW England Callum Hudson-Odoi 28 3
61%
2020/21 LW England Callum Hudson-Odoi 37 5
61%
2019/20 LW England Callum Hudson-Odoi 33 3
61%
2018/19 LW England Callum Hudson-Odoi 24 5
61%
2017/18 LW England Callum Hudson-Odoi 4
61%
2014/15 LB Brazil Filipe Luis 26 1
61%
2016/17 DM England Nathaniel Chalobah 15
61%
2022/23 CB England Trevoh Chalobah 33
61%
2021/22 CB England Trevoh Chalobah 30 4
61%
2022/23 DM Switzerland Denis Zakaria 11 1
60%
2020/21 CM Scotland Billy Gilmour 11
58%
2019/20 CM Scotland Billy Gilmour 11
58%
2005/06 RM Ireland Damien Duff 40 3
58%
2004/05 RM Ireland Damien Duff 48 10
58%
2003/04 RM Ireland Damien Duff 37 6
58%
2003/04 ST Netherlands Jimmy Floyd Hasselbaink 44 17
58%
2002/03 ST Netherlands Jimmy Floyd Hasselbaink 44 15
58%
2001/02 ST Netherlands Jimmy Floyd Hasselbaink 48 29
58%
2000/01 ST Netherlands Jimmy Floyd Hasselbaink 42 26
58%
2016/17 CB Netherlands Nathan Ake 5
56%
2014/15 CB Netherlands Nathan Ake 5
56%
2013/14 CB Netherlands Nathan Ake 1
56%
2012/13 CB Netherlands Nathan Ake 6
56%
2013/14 LB England Ryan Bertrand 3
56%
2012/13 LB England Ryan Bertrand 38 2
56%
2011/12 LB England Ryan Bertrand 15
56%
2010/11 LB England Ryan Bertrand 1
56%
2015/16 LB Ghana Abdul Baba Rahman 23
55%
2021/22 CM England Ross Barkley 14 1
55%
2020/21 CM England Ross Barkley 3 1
55%
2019/20 CM England Ross Barkley 31 5
55%
2018/19 CM England Ross Barkley 48 5
55%
2017/18 CM England Ross Barkley 4
55%
2010/11 LB Russia Yuri Zhirkov 22 1
55%
2009/10 LB Russia Yuri Zhirkov 27
55%
2008/09 GK Italy Carlo Cudicini 4
54%
2007/08 GK Italy Carlo Cudicini 19
54%
2006/07 GK Italy Carlo Cudicini 11
54%
2005/06 GK Italy Carlo Cudicini 12
54%
2004/05 GK Italy Carlo Cudicini 11
54%
2003/04 GK Italy Carlo Cudicini 40
54%
2002/03 GK Italy Carlo Cudicini 46
54%
2001/02 GK Italy Carlo Cudicini 41
54%
2000/01 GK Italy Carlo Cudicini 29
54%
2022/23 CB France Benoit Badiashile 11 1
53%
2018/19 CM England Danny Drinkwater 1
53%
2017/18 CM England Danny Drinkwater 22 1
53%
2015/16 ST France Loic Remy 20 3
53%
2014/15 ST France Loic Remy 27 9
53%
2003/04 CB France Marcel Desailly 25
53%
2002/03 CB France Marcel Desailly 33 2
53%
2001/02 CB France Marcel Desailly 37 1
53%
2000/01 CB France Marcel Desailly 39 2
53%
2015/16 RW Burkina Faso Bertrand Traore 16 4
52%
2020/21 CB England Fikayo Tomori 4
51%
2019/20 CB England Fikayo Tomori 22 2
51%
2015/16 CB England Fikayo Tomori 1
51%
2013/14 GK Australia Mark Schwarzer 12
49%
2017/18 DM France Tiemoue Bakayoko 43 3
49%
2007/08 ST Peru Claudio Pizarro 32 2
48%
2004/05 ST Romania Adrian Mutu 2
47%
2003/04 ST Romania Adrian Mutu 36 10
47%
2007/08 RB England Glen Johnson 3
47%
2005/06 RB England Glen Johnson 8
47%
2004/05 RB England Glen Johnson 29
47%
2003/04 RB England Glen Johnson 32 4
47%
2013/14 CM Netherlands Marco van Ginkel 4
46%
2022/23 RW England Noni Madueke 12 1
44%
2008/09 RW England Shaun Wright-Phillips 1
44%
2007/08 RW England Shaun Wright-Phillips 41 4
44%
2006/07 RW England Shaun Wright-Phillips 44 6
44%
2005/06 RW England Shaun Wright-Phillips 38
44%
2003/04 DM France Emmanuel Petit 7
43%
2002/03 DM France Emmanuel Petit 31 2
43%
2001/02 DM France Emmanuel Petit 38 1
43%
2015/16 ST Brazil Alexandre Pato 2 1
42%
2012/13 DM Spain Oriol Romeu 9 1
41%
2011/12 DM Spain Oriol Romeu 24
41%
2008/09 LB England Wayne Bridge 12
41%
2007/08 LB England Wayne Bridge 22
41%
2006/07 LB England Wayne Bridge 33 1
41%
2005/06 LB England Wayne Bridge 2
41%
2004/05 LB England Wayne Bridge 25
41%
2003/04 LB England Wayne Bridge 48 3
41%
2009/10 RB Brazil Juliano Belletti 22
40%
2008/09 RB Brazil Juliano Belletti 34 3
40%
2007/08 RB Brazil Juliano Belletti 38 2
40%
2012/13 AM Germany Marko Marin 15 1
40%
2004/05 ST Serbia Mateja Kezman 41 7
40%
2005/06 CB Germany Robert Huth 21
40%
2004/05 CB Germany Robert Huth 15 1
40%
2003/04 CB Germany Robert Huth 20 1
40%
2002/03 CB Germany Robert Huth 5
40%
2001/02 CB Germany Robert Huth 1
40%
2005/06 CM Portugal Tiago Mendes 1
40%
2004/05 CM Portugal Tiago Mendes 51 4
40%
2018/19 DM Wales Ethan Ampadu 5
39%
2017/18 DM Wales Ethan Ampadu 7
39%
2021/22 ST England Jude Soonsup-Bell 1
39%
2021/22 CM Spain Saul Niguez 23 1
39%
2003/04 CM Argentina Juan Sebastian Veron 14 1
38%
2021/22 LW Brazil Kenedy 3
38%
2017/18 LW Brazil Kenedy 5 1
38%
2016/17 LW Brazil Kenedy 2
38%
2015/16 LW Brazil Kenedy 20 2
38%
2008/09 RW Portugal Ricardo Quaresma 5
38%
2005/06 LB Spain Asier del Horno 34 1
37%
2011/12 GK Portugal Henrique Hilario 2
37%
2010/11 GK Portugal Henrique Hilario 1
37%
2009/10 GK Portugal Henrique Hilario 11
37%
2008/09 GK Portugal Henrique Hilario 1
37%
2007/08 GK Portugal Henrique Hilario 6
37%
2006/07 GK Portugal Henrique Hilario 18
37%
2022/23 LB England Lewis Hall 11
36%
2021/22 LB England Lewis Hall 1
36%
2013/14 CB Czech Republic Tomas Kalas 4
35%
2012/13 AM Brazil Lucas Piazon 3
34%
2016/17 RB Nigeria Ola Aina 6
34%
2017/18 LW Belgium Charly Musonda 7 1
33%
2006/07 RM Cameroon Geremi Njitap 28 1
33%
2005/06 RM Cameroon Geremi Njitap 22 2
33%
2004/05 RM Cameroon Geremi Njitap 20
33%
2003/04 RM Cameroon Geremi Njitap 38 1
33%
2021/22 CB France Malang Sarr 21
33%
2010/11 LB Netherlands Patrick van Aanholt 6 1
33%
2009/10 LB Netherlands Patrick van Aanholt 2
33%
2000/01 CM England Dennis Wise 42 3
32%
2003/04 LW Denmark Jesper Gronkjaer 48 3
32%
2002/03 LW Denmark Jesper Gronkjaer 39 5
32%
2001/02 LW Denmark Jesper Gronkjaer 16
32%
2000/01 LW Denmark Jesper Gronkjaer 16 3
32%
2000/01 ST Norway Tore Andre Flo 17 3
32%
2007/08 DM France Lassana Diarra 1
31%
2006/07 DM France Lassana Diarra 23
31%
2005/06 DM France Lassana Diarra 7
31%
2004/05 LB Nigeria Celestine Babayaro 5
30%
2003/04 LB Nigeria Celestine Babayaro 14 1
30%
2002/03 LB Nigeria Celestine Babayaro 24 1
30%
2001/02 LB Nigeria Celestine Babayaro 28
30%
2000/01 LB Nigeria Celestine Babayaro 28
30%
2019/20 LB Netherlands Ian Maatsen 1
30%
2007/08 CB Israel Tal Ben-Haim 23
30%
2019/20 RB Ghana Tariq Lamptey 3
30%
2002/03 GK Netherlands Ed de Goey 3
29%
2001/02 GK Netherlands Ed de Goey 8
29%
2000/01 GK Netherlands Ed de Goey 17
29%
2000/01 CB France Frank Leboeuf 30
29%
2005/06 CM Portugal Maniche 11
29%
2000/01 AM Uruguay Gustavo Poyet 34 12
28%
2003/04 RB Netherlands Mario Melchiot 33 2
28%
2002/03 RB Netherlands Mario Melchiot 41
28%
2001/02 RB Netherlands Mario Melchiot 50 2
28%
2000/01 RB Netherlands Mario Melchiot 34 1
28%
2000/01 CM Italy Roberto Di Matteo 10
28%
2022/23 AM England Carney Chukwuemeka 15
27%
2005/06 CM England Jimmy Smith 1
27%
2022/23 AM Jamaica Omari Hutchinson 2
27%
2011/12 DM England Sam Hutchinson 2
27%
2009/10 DM England Sam Hutchinson 3
27%
2006/07 DM England Sam Hutchinson 1
27%
2002/03 LB England Graeme Le Saux 34 2
26%
2001/02 LB England Graeme Le Saux 40 2
26%
2000/01 LB England Graeme Le Saux 25
26%
2008/09 ST Argentina Franco Di Santo 16
25%
2010/11 AM DR Congo Gael Kakuta 12
25%
2009/10 AM DR Congo Gael Kakuta 4
25%
2015/16 CB United States Matt Miazga 2
25%
2014/15 ST England Dominic Solanke 1
24%
2019/20 CB England Marc Guehi 2
24%
2002/03 LW Netherlands Boudewijn Zenden 27 1
23%
2001/02 LW Netherlands Boudewijn Zenden 32 3
23%
2009/10 LW Italy Fabio Borini 8
23%
2006/07 CB Netherlands Khalid Boulahrouz 23
23%
2012/13 GK England Ross Turnbull 7
23%
2011/12 GK England Ross Turnbull 5
23%
2010/11 GK England Ross Turnbull 2
23%
2009/10 GK England Ross Turnbull 5
23%
2002/03 RB Spain Albert Ferrer 4
22%
2001/02 RB Spain Albert Ferrer 10
22%
2000/01 RB Spain Albert Ferrer 17
22%
2017/18 LW Ivory Coast Jeremie Boga 1
22%
2021/22 GK England Marcus Bettinelli 1
22%
2004/05 CM England Scott Parker 11
21%
2003/04 CM England Scott Parker 17 1
21%
2007/08 CM England Steve Sidwell 25 1
19%
2011/12 CM England Josh McEachran 5
18%
2010/11 CM England Josh McEachran 17
18%
2004/05 ST Finland Mikael Forssell 2
18%
2003/04 ST Finland Mikael Forssell 1
18%
2001/02 ST Finland Mikael Forssell 35 9
18%
2008/09 LW Slovakia Miroslav Stoch 5
18%
2008/09 LW England Scott Sinclair 4
18%
2007/08 LW England Scott Sinclair 7 1
18%
2006/07 LW England Scott Sinclair 3
18%
2004/05 DM Russia Aleksey Smertin 24 1
16%
2006/07 ST Israel Ben Sahar 5
16%
2010/11 CB Netherlands Jeffrey Bruma 7
16%
2009/10 CB Netherlands Jeffrey Bruma 3
16%
2014/15 LW England Izzy Brown 1
15%
2015/16 CB Senegal Papy Djilobodji 1
14%
2002/03 CB Netherlands Winston Bogarde 1
14%
2000/01 CB Netherlands Winston Bogarde 11
14%
2004/05 CB Czech Republic Jiri Jarosik 20
13%
2002/03 CM England Jody Morris 33 1
13%
2001/02 CM England Jody Morris 10
13%
2000/01 CM England Jody Morris 26
13%
2001/02 GK Australia Mark Bosnich 7
13%
2001/02 CM Italy Samuele Dalla Bona 38 4
13%
2000/01 CM Italy Samuele Dalla Bona 32 2
13%
2020/21 AM England Tino Anjorin 3
13%
2019/20 AM England Tino Anjorin 2
13%
2003/04 RW Croatia Mario Stanic 5
12%
2002/03 RW Croatia Mario Stanic 25 6
12%
2001/02 RW Croatia Mario Stanic 35 2
12%
2000/01 RW Croatia Mario Stanic 15 2
12%
2008/09 CB Seychelles Michael Mancienne 6
12%
2022/23 CB England Bashir Humphreys 1
11%
2000/01 RB Italy Christian Panucci 10 1
11%
2021/22 CM England Lewis Baker 1
11%
2013/14 CM England Lewis Baker 1
11%
2021/22 AM England Harvey Vale 5
10%
2002/03 AM Spain Enrique de Lucas 31 1
9%
2000/01 CB Brazil Emerson Thome 1
8%
2017/18 CB England Jake Clarke-Salter 1
8%
2015/16 CB England Jake Clarke-Salter 1
8%
2003/04 GK Italy Marco Ambrosio 12
8%
2008/09 DM Brazil Mineiro 2
8%
2006/07 DM Portugal Nuno Morais 5
8%
2004/05 DM Portugal Nuno Morais 4
8%
2001/02 DM Serbia Slavisa Jokanovic 31
8%
2000/01 DM Serbia Slavisa Jokanovic 21
8%
2003/04 DM Cyprus Alexis Nicolas 3
7%
2004/05 RW Portugal Filipe Oliveira 1
7%
2003/04 RW Portugal Filipe Oliveira 2
7%
2002/03 RW Portugal Filipe Oliveira 5
7%
2005/06 GK England Lenny Pidgeley 1
7%
2004/05 GK England Lenny Pidgeley 1
7%
2017/18 CM United States Kyle Scott 1
6%
2003/04 GK Scotland Neil Sullivan 8
6%
2000/01 ST Georgia Rati Aleksidze 3
6%
2013/14 CM England John Swift 1
5%
2000/01 CB France Bernard Lambourde 1
4%
2000/01 LB England Jon Harley 12
4%
2004/05 CB England Steven Watt 2
4%
2021/22 DM England Xavier Simons 1
4%
2004/05 CM England Anthony Grant 1
3%
2010/11 CM England Jacob Mellis 1
3%
2002/03 LB England Joe Keenan 1
3%
2001/02 LB England Joe Keenan 2
3%
2006/07 CM England Michael Woods 2
3%
2001/02 ST England Leon Knight 1
2%
2001/02 CB England Joel Kitamirike 1
1%
No matching quizzes found
Score Distribution
Percent of People with Each Score
Percentile by Number Answered
Your Score History
You have not taken this quiz since the last reset